Music Quiz

Random Music or Song Quiz
Score 0/50 Timer 06:00
6 Plays Today
% Correct
Love
94.6%
Summer
94.3%
Rule
93.6%
Built
93.5%
Walking
93.5%
Hot
92.8%
Smooth
92.1%
Fire
91.9%
Lover
91.4%
World
91.4%
Away
90.8%
Take
90.7%
Nothing
90.7%
Lie
90.7%
Fight
89.5%
Christmas
89.2%
Vice
89.1%
Heat
89%
Bangkok
88.8%
Power
87.6%
Careless
87.4%
Raspberry
86.8%
Dance
86.5%
Kicking
86%
Kill
85.7%
% Correct
Broken
85.2%
Faith
85.1%
Glory
84.9%
Things
84.4%
Somebody
84.3%
Private
83.8%
Crazy
82.7%
California
82.2%
Old
80.2%
Party
77.6%
Day
77.3%
Carry
76.7%
Goodbyes
76%
Surrender
75.3%
Rhythm
73.7%
Boy
73.1%
People
68.6%
Separate
67.7%
Lonely
66.7%
Sheila
64.4%
Goonies
60.4%
Method
59.8%
Freeway
58.4%
Perfect
54.2%
Walls
48.8%

You're not logged in!

Compare scores with friends on all Sporcle quizzes.
OR
Log In

Sporcle TV

Today on Sporcle TV


Watch our educational content, quiz creation guides, and fun videos on Sporcle TV.

Show Comments

Extras

Top Quizzes Today


Score Distribution

Paid Content

Your Account Isn't Verified!

In order to create a playlist on Sporcle, you need to verify the email address you used during registration. Go to your Sporcle Settings to finish the process.

Report this User

Report this user for behavior that violates our Community Guidelines.

Details: